A História do Rio Grande do Norte
Gespeichert in:
| 1. Verfasser: | |
|---|---|
| Format: | Buch |
| Sprache: | Portugiesisch |
| Erschienen: |
Natal
Mark Damon
s/f
|
| Ausgabe: | s/e |
| Katalog: | MANES: Suchergebnis im Bibliothekskatalog |
| Schulbuchspezifische Eigenschaften: |
|
| Tags: |
Tag hinzufügen
Keine Tags, Fügen Sie den ersten Tag hinzu!
|
| Hinzugefügt zu: | 14.05.2025 |
| Geändert in: | 15.05.2025 |
MARC
| LEADER | 00000nam a22000007a 4500 | ||
|---|---|---|---|
| 005 | 20250515212239.0 | ||
| 008 | 250515b |||||||| |||| 00| 0 por d | ||
| 040 | |a centro_manes |c Ponta_Grossa | ||
| 100 | |a Souza, Eliete |9 46047 | ||
| 245 | |a A História do Rio Grande do Norte | ||
| 250 | |a s/e | ||
| 260 | |a Natal |b Mark Damon |c s/f | ||
| 300 | |a 36 p. |c 22 x 16 cm. | ||
| 500 | |a O livro e em formato de quadrinhos e possui ilustrações em preto e branco. | ||
| 561 | |a Brasil. Universidade Estadual de Ponta Grossa |5 br-UEPG |k MANES | ||
| 690 | 0 | |a HI | |
| 691 | 0 | |a SE | |
| 942 | |2 ddc |c BK | ||
| 999 | |c 104739 |d 104739 | ||
| 999 | |c manes:104739 |d 104739 | ||